000 00800cam a22002531 4500
999 _c22489
_d22489
001 10348893
003 BDDh-ASL
005 20231015030134.0
008 720921s1965 enkab 000 0 eng
010 _a 66083282
015 _aGB65-9599
035 _a(OCoLC)411714
040 _aDLC
_cODaWU
_dOCoLC
_dUk
_dDLC
_dBDDh-ASL
042 _apremarc
050 0 0 _aDS425
_b.K58
082 _a954.306
_bKOC
100 1 _aKosambi, D. D.
_q(Damodar Dharmanand),
_d1907-1966.
245 1 4 _aThe culture and civilisation of ancient India in historical outline /
_cby D.D. Kosambi.
260 _aLondon :
_bRoutledge and K. Paul,
_c[1965]
300 _axi, 243 p. :
_billus., maps.
_c26 cm.
651 0 _aIndia
_xCivilization.
906 _a7
_bcbc
_coclcrpl
_du
_encip
_f19
_gy-gencatlg
942 _2ddc
_cBK